[Event "Olimpiade 2022 - Open"]
[Site "Chennai"]
[Date "01.08.2022"]
[Round "4.4"]
[Board "2"]
[White "Lupulescu, Constantin"]
[Black "Wojtaszek, Radoslaw"]
[Result "1/2-1/2"]
[WhiteTitle "GM"]
[BlackTitle "GM"]
[WhiteElo "2628"]
[BlackElo "2708"]
[WhiteTeam "Romania"]
[BlackTeam "Poland"]
[WhiteFideId "1207822"]
[BlackFideId "1118358"]
[EventDate "2022.07.29"]

1. d4 Nf6 2. c4 e6 3. Nc3 Bb4 4. e3 O-O 5. Bd3 c5 6. Ne2 d5 7. cxd5 cxd4 8. exd4
Nxd5 9. O-O Nc6 10. a3 Bd6 11. Re1 Qh4 12. g3 Qh5 13. Nxd5 exd5 14. Bf4 Rd8 15.
Bxd6 Rxd6 16. Nf4 Qxd1 17. Raxd1 Bd7 18. h4 h6 19. Bf1 g5 20. Ng2 Bg4 21. Be2
Bxe2 22. Rxe2 Kf8 23. Kf1 Re8 24. Rxe8+ Kxe8 25. hxg5 hxg5 26. Ne3 Ne7 27. Ke2
Rb6 28. Rd2 Kd7 29. Nd1 Re6+ 30. Kd3 Re1 1/2-1/2

[Event "Olimpiade 2022 - Open"]
[Site "Chennai"]
[Date "01.08.2022"]
[Round "4.7"]
[Board "2"]
[White "McShane, Luke J"]
[Black "Markus, Robert"]
[Result "1-0"]
[WhiteTitle "GM"]
[BlackTitle "GM"]
[WhiteElo "2649"]
[BlackElo "2616"]
[WhiteTeam "England"]
[BlackTeam "Serbia"]
[WhiteFideId "404853"]
[BlackFideId "921637"]
[EventDate "2022.07.29"]

1. e4 e6 2. d4 d5 3. Nc3 dxe4 4. Nxe4 Bd7 5. Nf3 Bc6 6. Bd3 Nd7 7. O-O Ngf6 8.
Ned2 Be7 9. Qe2 O-O 10. Rd1 Bxf3 11. Nxf3 c6 12. Bf4 Nd5 13. Bg3 b5 14. a4 a6
15. c3 g6 16. h4 Re8 17. h5 Bf6 18. Qc2 Bg7 19. Re1 Ne7 20. Bf4 Nd5 21. Bg3 Ne7
22. Bf4 Nd5 23. Bd2 N5f6 24. hxg6 hxg6 25. g3 Qb6 26. Ng5 Nf8 27. Qb3 Nd5 28.
Be4 Rad8 29. Bg2 Nd7 30. axb5 axb5 31. Qa2 b4 32. Qc4 Qb7 33. Ne4 bxc3 34. bxc3
Qc7 35. Ra6 N7b6 36. Qb3 Ra8 37. Rea1 Rxa6 38. Rxa6 Nd7 39. Qa4 N7b6 40. Qa2 Qb8
41. Nc5 Qd8 42. Nd3 Ne7 43. Nb4 c5 44. dxc5 Nbd5 45. Nxd5 Nxd5 46. Rd6 Qc7 47.
Bxd5 exd5 48. Qxd5 Re5 49. Qa8+ Kh7 50. Rd5 Re6 51. Qa4 Kg8 52. Qa8+ Kh7 53. Qa4
Kg8 54. Qh4 Re8 55. c4 Qb8 56. Kg2 Qb7 57. Be3 Qa8 58. Qf4 Qb7 59. Qd6 Qb3 60.
Qd7 Rxe3 61. fxe3 Qxc4 62. Qc8+ Bf8 63. Rd2 Kg7 64. c6 1-0

[Event "Olimpiade 2022 - Open"]
[Site "Chennai"]
[Date "01.08.2022"]
[Round "4.9"]
[Board "2"]
[White "Dragnev, Valentin"]
[Black "Melkumyan, Hrant"]
[Result "0-1"]
[WhiteTitle "GM"]
[BlackTitle "GM"]
[WhiteElo "2557"]
[BlackElo "2634"]
[WhiteTeam "Austria"]
[BlackTeam "Armenia"]
[WhiteFideId "1634852"]
[BlackFideId "13302485"]
[EventDate "2022.07.29"]

1. e4 e5 2. Nf3 Nc6 3. Bb5 Nf6 4. d3 Bc5 5. c3 O-O 6. O-O Re8 7. Bg5 a6 8. Ba4
b5 9. Bb3 d6 10. Nbd2 h6 11. Bh4 g5 12. Bg3 Bb6 13. Re1 Ne7 14. Nf1 Ng6 15. Ne3
Bxe3 16. Rxe3 Kg7 17. d4 Qe7 18. a4 Bd7 19. Re1 c5 20. Bc2 Bg4 21. h3 Bh5 22.
Re3 Nf4 23. Qd2 Rac8 24. d5 Bg6 25. Nh2 c4 26. Nf1 Nd7 27. f3 Nc5 28. Bf2 h5 29.
Kh2 h4 30. Bg1 Rb8 31. Ree1 Rec8 32. Ne3 Qd7 33. axb5 axb5 34. Ra3 Ncd3 35. Rb1
Ra8 36. Rxa8 Rxa8 37. b3 Qc7 38. bxc4 bxc4 39. Qd1 Ra3 40. Ra1 Rxc3 41. Qd2 Rb3
42. Bxb3 cxb3 43. Rb1 b2 44. Nd1 f5 45. exf5 Bxf5 46. Nxb2 Nxb2 0-1

[Event "Olimpiade 2022 - Open"]
[Site "Chennai"]
[Date "01.08.2022"]
[Round "4.12"]
[Board "3"]
[White "Ortiz Suarez, Isan Reynaldo"]
[Black "Banusz, Tamas"]
[Result "1/2-1/2"]
[WhiteTitle "GM"]
[BlackTitle "GM"]
[WhiteElo "2526"]
[BlackElo "2611"]
[WhiteTeam "Cuba"]
[BlackTeam "Hungary"]
[WhiteFideId "3507165"]
[BlackFideId "722413"]
[EventDate "2022.07.29"]

1. Nf3 Nf6 2. d4 d5 3. c4 e6 4. Nc3 a6 5. cxd5 exd5 6. Bg5 Be6 7. e3 Nbd7 8. Bd3
c6 9. Qc2 Bd6 10. Bh4 h6 11. Bg3 Qc7 12. O-O O-O 13. b4 Rfc8 14. Rfc1 Bxg3 15.
hxg3 a5 16. Qb2 axb4 17. Qxb4 c5 18. dxc5 Qxc5 19. Qd4 Qxd4 20. Nxd4 Nc5 21. Bc2
Bd7 22. Rab1 Ne6 23. Nde2 Nc5 24. Rd1 Be6 25. f3 Ra3 26. Rbc1 b5 27. Nxb5 Rxa2
28. Ned4 Bd7 29. Nd6 Rb8 30. Bb1 Rab2 31. Bf5 Nb3 32. Nxb3 Bxf5 33. Nxf5 R2xb3
34. Rc7 Rb1 35. Rxb1 Rxb1+ 36. Kh2 Rb8 37. g4 Rd8 38. Kg3 Kf8 39. Ra7 Ne8 40.
Kf4 Nd6 41. Nxd6 Rxd6 42. Ke5 Rb6 43. Ra2 Rb3 44. Kd4 Ke7 45. f4 Ke6 46. Ra6+
Ke7 47. Ra7+ Ke6 48. Ra6+ Ke7 49. g3 Rb1 50. Ra7+ Kf8 51. Kxd5 Rg1 52. Ra8+ Ke7
53. Ra7+ Kf8 1/2-1/2

[Event "Olimpiade 2022 - Open"]
[Site "Chennai"]
[Date "01.08.2022"]
[Round "4.21"]
[Board "3"]
[White "Noboa Silva, Kevin"]
[Black "Cheng, Bobby"]
[Result "0-1"]
[WhiteTitle "FM"]
[BlackTitle "GM"]
[WhiteElo "2304"]
[BlackElo "2540"]
[WhiteTeam "Ecuador"]
[BlackTeam "Australia"]
[WhiteFideId "3618471"]
[BlackFideId "4300033"]
[EventDate "2022.07.29"]

1. d4 d5 2. c4 e6 3. Nc3 Nf6 4. cxd5 exd5 5. Bg5 Bb4 6. e3 h6 7. Bxf6 Qxf6 8.
Qa4+ Nc6 9. Bb5 O-O 10. Ne2 a5 11. O-O Ne7 12. Bd7 c6 13. Bxc8 Rfxc8 14. Rac1
Bd6 15. Qc2 Bc7 16. a3 h5 17. e4 dxe4 18. Nxe4 Qg6 19. Nc5 Qd6 20. g3 Rab8 21.
Rcd1 Rd8 22. Rfe1 Qf6 23. Qe4 Nf5 24. d5 Bb6 25. b4 cxd5 26. Qf3 g6 27. Nf4 Bxc5
28. bxc5 d4 29. Re4 Rbc8 30. Nd3 b6 31. cxb6 Qxb6 32. g4 hxg4 33. Rxg4 Kf8 34.
Nf4 Rc3 35. Qe4 Re8 36. Qd5 Qc6 37. Qxc6 Rxc6 38. Ng2 d3 39. Nf4 Rc1 40. Rxc1 d2 0-1

[Event "Olimpiade 2022 - Open"]
[Site "Chennai"]
[Date "01.08.2022"]
[Round "4.27"]
[Board "3"]
[White "Hesham, Abdelrahman"]
[Black "Phiri, Richmond"]
[Result "0-1"]
[WhiteTitle "GM"]
[BlackTitle "IM"]
[WhiteElo "2386"]
[BlackElo "2293"]
[WhiteTeam "Egypt"]
[BlackTeam "Zambia"]
[WhiteFideId "10600183"]
[BlackFideId "8700443"]
[EventDate "2022.07.29"]

1. d4 Nf6 2. c4 g6 3. Nc3 d5 4. cxd5 Nxd5 5. e4 Nxc3 6. bxc3 Bg7 7. Bc4 c5 8.
Ne2 O-O 9. O-O Nc6 10. Be3 Na5 11. Bd3 b6 12. Qd2 e5 13. Bg5 f6 14. Be3 Qe7 15.
dxc5 bxc5 16. Qb2 c4 17. Bc2 Bg4 18. Qb5 Bxe2 19. Rfe1 Bd3 20. Bxd3 cxd3 21.
Qxa5 Rfd8 22. Rab1 f5 23. Rb5 Rd7 24. f3 fxe4 25. fxe4 d2 26. Rd1 Qh4 27. Bf2
Qxe4 28. Qa3 Qe2 29. Rbb1 Rf7 30. Qc5 Bh6 31. Kh1 Qxf2 32. Qc4 Rf8 33. Rf1 Qc5
34. Qe6 Kg7 0-1

[Event "Olimpiade 2022 - Open"]
[Site "Chennai"]
[Date "01.08.2022"]
[Round "4.28"]
[Board "1"]
[White "Munoz Santana, Jose Lisandro"]
[Black "Kadric, Denis"]
[Result "0-1"]
[WhiteTitle "IM"]
[BlackTitle "GM"]
[WhiteElo "2423"]
[BlackElo "2554"]
[WhiteTeam "Dominican Republic"]
[BlackTeam "Montenegro"]
[WhiteFideId "6400361"]
[BlackFideId "14403803"]
[EventDate "2022.07.29"]

1. c4 e5 2. g3 d6 3. Nc3 Nf6 4. Bg2 c6 5. d4 Nbd7 6. e3 Be7 7. Nge2 O-O 8. O-O
Re8 9. Qc2 Bf8 10. Rd1 a5 11. b3 h5 12. Ba3 Qc7 13. Rd2 exd4 14. exd4 g6 15. Nf4
Bh6 16. Re2 Bxf4 17. gxf4 Rxe2 18. Qxe2 Nf8 19. d5 Bg4 20. Qd2 c5 21. f3 Bf5 22.
Ne4 N8h7 23. Bb2 Ne8 24. Qc3 f6 25. Re1 h4 26. Ng5 Qg7 27. Re2 Qh6 28. Qe1 fxg5
29. Rxe8+ Rxe8 30. Qxe8+ Qf8 31. Qe3 gxf4 32. Qxf4 Qe7 33. Qd2 Kf7 34. Kf2 h3
35. Bf1 Qh4+ 36. Ke2 Nf6 37. Qc3 b6 38. a3 Nh5 39. Qe3 a4 40. Bc1 axb3 41. Qxb3
Nf4+ 42. Kd1 Qf2 43. Bxf4 Qxf1+ 44. Kd2 Qf2+ 45. Kc1 Qe1+ 46. Kb2 Qb1+ 47. Kc3
Qd3+ 48. Kb2 Qd4+ 0-1

[Event "Olimpiade 2022 - Open"]
[Site "Chennai"]
[Date "01.08.2022"]
[Round "4.30"]
[Board "4"]
[White "Chinchilla Miranda, Eugenio"]
[Black "Dobrovoljc, Vid"]
[Result "1/2-1/2"]
[WhiteTitle "FM"]
[BlackTitle "FM"]
[WhiteElo "2206"]
[BlackElo "2398"]
[WhiteTeam "Costa Rica"]
[BlackTeam "Slovenia"]
[WhiteFideId "6500072"]
[BlackFideId "14609843"]
[EventDate "2022.07.29"]

1. d4 Nf6 2. c4 e6 3. Nc3 Bb4 4. Qc2 O-O 5. e4 d5 6. e5 Ne4 7. Bd3 c5 8. Ne2
cxd4 9. Nxd4 Nd7 10. Bf4 Qh4 11. g3 Qh3 12. Bf1 Qh5 13. f3 Nxc3 14. bxc3 Ba3 15.
g4 Qh4+ 16. Bg3 Qg5 17. f4 Qxg4 18. cxd5 exd5 19. Qb3 Bc5 20. Be2 Qh3 21. Qxd5
Bxd4 22. Qxd4 Nb6 23. Bf1 Qh5 24. Bg2 Bh3 25. Qe4 Bxg2 26. Qxg2 Rad8 27. O-O Nc4
28. Qxb7 Rd3 29. Qe4 Rxc3 30. Be1 Rh3 31. Qxc4 Rxh2 32. Bg3 Rd2 33. Rf2 Rxf2 34.
Kxf2 Qf5 35. Rc1 h5 36. Qc2 Qh3 37. f5 h4 38. Bf4 Qg4 39. Qe4 Rd8 40. Re1 Kh8
41. e6 fxe6 42. fxe6 Rf8 43. Ke3 Qh3+ 44. Ke2 Qg4+ 45. Ke3 Qh3+ 46. Kd4 Rd8+ 47.
Ke5 Re8 48. Kd6 Qa3+ 49. Kc6 Qa6+ 50. Kc5 Rc8+ 51. Kb4 Qxa2 52. Be5 a5+ 53. Kb5
Qb3+ 54. Kxa5 Rc5+ 55. Ka6 Qxe6+ 56. Kb7 Qd7+ 57. Kb6 Qb5+ 58. Ka7 Qa5+ 59. Kb7
Qb5+ 1/2-1/2

[Event "Olimpiade 2022 - Open"]
[Site "Chennai"]
[Date "01.08.2022"]
[Round "4.38"]
[Board "2"]
[White "Kwon, Sehyun"]
[Black "Avila Pavas, Santiago"]
[Result "1/2-1/2"]
[WhiteTitle "CM"]
[BlackTitle "IM"]
[WhiteElo "2225"]
[BlackElo "2453"]
[WhiteTeam "South Korea"]
[BlackTeam "Colombia"]
[WhiteFideId "13203088"]
[BlackFideId "4437128"]
[EventDate "2022.07.29"]

1. e4 c5 2. Nf3 e6 3. c3 d5 4. exd5 Qxd5 5. d4 Nf6 6. Na3 a6 7. Nc4 Nbd7 8. Ne3
Qc6 9. Bd3 b6 10. O-O Bd6 11. Re1 Bb7 12. Nc4 Bc7 13. Nce5 Bxe5 14. dxe5 Nd5 15.
c4 Nb4 16. Be4 Qc7 17. Bxb7 Qxb7 18. Ng5 Rd8 19. Ne4 O-O 20. Bg5 f6 21. Qf3 Rf7
22. Nxf6+ Nxf6 23. Qxb7 Rxb7 24. exf6 gxf6 25. Bxf6 Rd2 26. Bc3 Rc2 27. Re3 Rf7
28. f3 Rd7 29. a3 Nc6 30. Rxe6 Nd4 31. Re8+ Kf7 32. Rae1 Rd6 33. R1e7+ Kg6 34.
Rg8+ Kh6 35. Bxd4 cxd4 36. Re4 Kh5 37. Re5+ Kh6 38. Re4 Kh5 39. g3 Rg6 40. Rxg6
hxg6 41. Rxd4 Rxb2 42. c5 bxc5 43. Rd5+ Kh6 44. Rxc5 Rb3 45. Ra5 Rxf3 46. Rxa6
Rc3 47. Kg2 Kh5 48. Ra5+ Kh6 49. h4 Rd3 50. Kh3 Rc3 51. Ra7 Rd3 52. Kg4 Rc3 53.
Ra4 Rd3 54. Kf4 Kh5 55. Ra5+ Kh6 56. Ra8 Rc3 57. a4 Rc4+ 58. Ke5 Kh5 59. Ra6 Rg4
60. Ra8 Rxg3 61. Rh8+ Kg4 62. Rh6 Ra3 63. Rxg6+ Kxh4 64. Ra6 Kg5 65. Kd5 Kf5 66.
Kc4 Ke5 67. Kb4 Ra1 68. Rc6 Kd5 69. Rc2 Rb1+ 70. Ka5 Kd6 71. Ka6 Rb4 72. a5 Kd7
73. Ka7 Rb5 74. a6 Rb1 75. Rh2 Kc7 76. Rh7+ Kc8 77. Rb7 Ra1 78. Rb4 Kc7 79. Rb6
Ra2 80. Rb4 Ra1 81. Rc4+ Kd7 82. Rc2 Ra3 83. Kb7 Rb3+ 84. Ka8 Ra3 85. a7 Rb3 86.
Rh2 Kc7 87. Rh7+ Kc8 88. Rh8+ Kc7 89. Rb8 Rc3 90. Rb7+ Kc8 91. Rb8+ Kc7 1/2-1/2

[Event "Olimpiade 2022 - Open"]
[Site "Chennai"]
[Date "01.08.2022"]
[Round "4.39"]
[Board "1"]
[White "Dornbusch, Tatiana"]
[Black "Barcenilla, Rogelio"]
[Result "1/2-1/2"]
[WhiteTitle "WGM"]
[BlackTitle "GM"]
[WhiteElo "2247"]
[BlackElo "2463"]
[WhiteTeam "Monaco"]
[BlackTeam "Philippines"]
[WhiteFideId "14107449"]
[BlackFideId "5200059"]
[EventDate "2022.07.29"]

1. d4 Nf6 2. Nf3 g6 3. g3 Bg7 4. Bg2 O-O 5. O-O d6 6. c4 Nc6 7. Nc3 a6 8. h3 Rb8
9. e4 b5 10. cxb5 axb5 11. Re1 b4 12. Nd5 Ne8 13. Bg5 h6 14. Be3 Bd7 15. Qd2 g5
16. a3 Na5 17. Qc2 b3 18. Qc3 Ra8 19. e5 c6 20. Nb4 Rc8 21. Rac1 Nc7 22. Bd2 Nb5
23. Qd3 Re8 24. Na6 Be6 25. a4 Na7 26. Bb4 Nb7 27. exd6 exd6 28. Nd2 Qb6 29. Bc3
Na5 30. Nb4 Bd7 31. Nc4 Nxc4 32. Qxc4 Be6 33. Qd3 Bd7 34. Kh2 Rb8 35. Na6 Ra8
36. Nb4 Rxe1 37. Rxe1 Nc8 38. a5 Rxa5 39. Nxc6 Ra4 40. Ne7+ Nxe7 41. Rxe7 Qd8
42. Re2 Qb8 43. Re7 Qd8 44. Re1 Qf6 45. Re2 Ra1 46. d5 Qf5 47. Re8+ Bf8 48. Qd4
f6 49. g4 Qf4+ 50. Qxf4 gxf4 51. Rb8 f5 52. Bf3 fxg4 53. hxg4 Kf7 54. Rb7 Ke8
55. Rxb3 Be7 56. Rb8+ Kf7 57. Rb7 Ke8 58. Rb4 Bg5 59. Bd2 Ra4 60. Rb8+ Ke7 61.
Bc3 Ra1 62. Kg2 Rc1 63. Rb7 Kd8 64. Rb4 Ra1 65. Bd2 Ra4 66. b3 Rxb4 67. Bxb4 Kc7
68. Be2 Be8 69. Ba5+ Kb7 70. Bb4 Kc7 71. Kf3 Bg6 72. Bd2 Bc2 73. Bc4 Bd1+ 74.
Ke4 Bc2+ 75. Bd3 Bxb3 76. Bxf4 Bxd5+ 77. Ke3 Kd7 78. Bxg5 hxg5 79. f4 gxf4+ 80.
Kxf4 Ke7 1/2-1/2

[Event "Olimpiade 2022 - Open"]
[Site "Chennai"]
[Date "01.08.2022"]
[Round "4.39"]
[Board "4"]
[White "Bersamina, Paulo"]
[Black "Van Hoolandt, Patrick"]
[Result "1-0"]
[WhiteTitle "IM"]
[BlackTitle "FM"]
[WhiteElo "2429"]
[BlackElo "2044"]
[WhiteTeam "Philippines"]
[BlackTeam "Monaco"]
[WhiteFideId "5206995"]
[BlackFideId "200999"]
[EventDate "2022.07.29"]

1. e4 e5 2. Nf3 Nc6 3. Bc4 Bc5 4. c3 Nf6 5. d4 exd4 6. e5 d5 7. Bb5 Ne4 8. cxd4
Bb6 9. Nc3 O-O 10. Be3 Bg4 11. h3 Bh5 12. Qc2 Bg6 13. Qb3 Ne7 14. O-O c6 15. Bd3
Nd2 16. Nxd2 Bxd3 17. Rfe1 Nf5 18. Na4 Ba6 19. Nxb6 Qxb6 20. Qc3 Qc7 21. Nf3 Qd7
22. Qc2 Rfe8 23. Rad1 h6 24. Bc1 b6 25. b3 Rac8 26. Ba3 Qe6 27. g4 Ne7 28. Nh4
c5 29. f4 cxd4 30. Qf2 Rc3 31. f5 Qc8 32. Bxe7 Rxe7 33. f6 Re8 34. Nf5 Qe6 35.
Nxg7 Qc6 36. e6 Re3 37. Rxe3 dxe3 38. Qxe3 Rxe6 39. Nxe6 fxe6 40. Qxh6 Qc7 41.
f7+ Qxf7 42. Re1 Qf3 43. Qxe6+ Kg7 44. Qd7+ Kh6 45. Re6+ Kg5 46. Qd8+ 1-0

[Event "Olimpiade 2022 - Open"]
[Site "Chennai"]
[Date "01.08.2022"]
[Round "4.43"]
[Board "3"]
[White "Volodin, Aleksandr"]
[Black "Hsu, Hsuan-Ming"]
[Result "0-1"]
[WhiteTitle "GM"]
[WhiteElo "2454"]
[BlackElo "1900"]
[WhiteTeam "Estonia"]
[BlackTeam "Chinese Taipei"]
[WhiteFideId "4501950"]
[BlackFideId "16300823"]
[EventDate "2022.07.29"]

1. d4 Nf6 2. c4 g6 3. g3 Bg7 4. Bg2 O-O 5. Nf3 d6 6. O-O Nbd7 7. Qc2 e5 8. dxe5
Nxe5 9. Nbd2 Qe7 10. Nd4 Re8 11. e3 a6 12. Ne2 Rb8 13. Nf4 c5 14. Rb1 b5 15. b3
Bf5 16. e4 Bd7 17. Bb2 Nc6 18. Rbd1 Bg4 19. Rde1 Nd4 20. Bxd4 cxd4 21. h3 Bc8
22. Rd1 Qa7 23. Rfe1 Bb7 24. Nd3 Nd7 25. Kh2 Rbc8 26. Qb1 Qb6 27. Rc1 h5 28. h4
Rc7 29. Re2 Nf6 30. f3 Bh6 31. Nf4 Nd7 32. Ree1 Ne5 33. Rcd1 Ba8 34. Bf1 Qa5 35.
Kg2 Qb6 36. Bd3 Rce7 37. Re2 Qd8 38. cxb5 Rc7 39. Nh3 Rc3 40. Nf1 Qf6 41. Nh2
Rec8 42. f4 Nxd3 43. Rxd3 Rxd3 44. Qxd3 Rc3 45. Qd1 d3 46. Rd2 Bxe4+ 47. Nf3
axb5 48. Nf2 d5 49. Nxd3 Qf5 50. Ne1 Qg4 51. Kf2 Bf8 52. Nd3 Bc5+ 53. Kg2 Be3
54. Ne5 Bxf3+ 0-1

[Event "Olimpiade 2022 - Open"]
[Site "Chennai"]
[Date "01.08.2022"]
[Round "4.44"]
[Board "1"]
[White "Deng, Yu Dong Michael"]
[Black "Henderson de La Fuente, Lance"]
[Result "1/2-1/2"]
[WhiteTitle "CM"]
[BlackTitle "GM"]
[WhiteElo "2028"]
[BlackElo "2490"]
[WhiteTeam "Hong Kong"]
[BlackTeam "Andorra"]
[WhiteFideId "6002420"]
[BlackFideId "32096585"]
[EventDate "2022.07.29"]

1. d4 d5 2. c4 e6 3. Nc3 c6 4. e3 Nf6 5. Nf3 Nbd7 6. Bd3 dxc4 7. Bxc4 b5 8. Bd3
a6 9. O-O c5 10. Qe2 Bb7 11. Rd1 Qb8 12. dxc5 Bxc5 13. b3 Bd6 14. h3 O-O 15. Bb2
Nc5 16. Bc2 Bxf3 17. Qxf3 Bh2+ 18. Kh1 Be5 19. Rab1 Rc8 20. Ne4 Bxb2 21. Rxb2
Ncxe4 22. Bxe4 Qe5 23. Bxa8 Qxb2 24. Bb7 Rf8 25. Bxa6 Nd5 26. e4 Nc3 27. Rd3 b4
28. Bc4 Qxa2 29. Rd7 Qb1+ 30. Kh2 Qxe4 31. Qxe4 Nxe4 32. f3 Nf6 33. Rb7 Rd8 34.
Rxb4 g5 35. Ra4 Rd2 36. b4 Rb2 37. b5 h5 38. Ra8+ Kg7 39. Ra7 Kf8 40. Ra5 Rb4
41. Bd3 Nd5 42. Be4 Nb6 43. Bc6 Rb2 44. Ra6 Nc4 45. Ra4 Ne3 46. f4 g4 47. hxg4
hxg4 48. Kg3 Rb3 49. Ra6 Kg7 50. b6 Nc4+ 51. Kxg4 Nxb6 52. Ra7 Nc4 53. Bf3 Ne3+
54. Kh3 Nd5 55. Ra4 Nc3 56. Rc4 Nd5 57. Kh4 Ne3 58. Ra4 Nf5+ 59. Kh3 Kf6 60. Kh2
Ne3 61. g4 Rb2+ 62. Kh3 Kg7 63. Ra3 Nc2 64. Rc3 Nd4 65. Kg3 Rb4 66. Ra3 Nb3 67.
Bd1 Nd2 68. Bf3 Rb2 69. Bg2 Rc2 70. Rd3 Rb2 71. Ra3 Nc4 72. Rc3 Nd6 73. Rd3 Nc8
74. Rc3 Ne7 75. Ra3 Kf6 76. Be4 Rb4 77. Re3 Rd4 78. Kf3 Rb4 79. Kg3 Nc8 80. Bg2
Nd6 81. Rd3 Nb5 82. Bf3 Nd4 83. Ra3 Kg6 84. Be4+ Kh6 85. Bf3 f6 86. Re3 Kg7 87.
Ra3 Rc4 88. Ra7+ Kg6 89. Ra3 f5 90. Rd3 Kf6 91. Ra3 Rb4 92. Rd3 e5 93. fxe5+
Kxe5 94. gxf5 Nxf5+ 95. Kf2 Rb2+ 96. Be2 Nd4 97. Re3+ Kf4 98. Re8 Rxe2+ 99. Rxe2
Nxe2 100. Kxe2 1/2-1/2

[Event "Olimpiade 2022 - Open"]
[Site "Chennai"]
[Date "01.08.2022"]
[Round "4.46"]
[Board "4"]
[White "Rajerison, Mananihaja Charly"]
[Black "Poh, Yu Tian"]
[Result "0-1"]
[WhiteElo "1912"]
[BlackElo "2118"]
[WhiteTeam "Madagascar"]
[BlackTeam "Malaysia"]
[WhiteFideId "13101226"]
[BlackFideId "5734088"]
[EventDate "2022.07.29"]

1. e4 c5 2. Nf3 d6 3. d4 cxd4 4. Nxd4 Nf6 5. Nc3 a6 6. Bc4 e6 7. Bb3 b5 8. O-O
Be7 9. f4 O-O 10. a3 Bb7 11. f5 e5 12. Nde2 Nbd7 13. Ng3 Rc8 14. Kh1 Nb6 15. Bd5
Nbxd5 16. exd5 Rxc3 17. bxc3 Nxd5 18. f6 Nxf6 19. Nf5 Be4 20. Bg5 Qd7 21. Nxe7+
Qxe7 22. Qe2 d5 23. a4 Qe6 24. axb5 axb5 25. Ra5 Nd7 26. Rfa1 h6 27. Ra6 Qf5 28.
Be7 Re8 29. Rf1 Qh7 30. Qxb5 Bxg2+ 31. Kxg2 Qe4+ 32. Kg1 Rxe7 33. Ra8+ Kh7 34.
Qd3 Nc5 35. Qxe4+ Nxe4 36. Rc8 f5 37. Rc6 f4 38. Kg2 Nd2 39. Ra1 e4 40. Kf2 e3+
41. Ke1 f3 42. Rd1 f2+ 43. Ke2 Rf7 44. Kxe3 f1=Q 45. Rxf1 Nxf1+ 46. Kd4 Nxh2 47.
Kxd5 g5 48. Re6 g4 49. Re2 g3 50. Rg2 Nf1 51. Rg1 Rf2 52. c4 g2 53. Kd4 Rxc2 54.
Kd3 Rd2+ 55. Ke4 Ng3+ 56. Ke3 Rc2 57. Kd3 Ra2 58. Rb1 Nf1 59. Rb7+ Kg6 60. Rb8
Kh5 61. Rg8 Ng3 0-1

[Event "Olimpiade 2022 - Open"]
[Site "Chennai"]
[Date "01.08.2022"]
[Round "4.50"]
[Board "1"]
[White "Tapia Ostolaza, Alexei"]
[Black "Attalib, Osama A."]
[Result "1-0"]
[WhiteTitle "FM"]
[WhiteElo "2201"]
[BlackElo "2033"]
[WhiteTeam "Panama"]
[BlackTeam "Libya"]
[WhiteFideId "6600581"]
[BlackFideId "9206485"]
[EventDate "2022.07.29"]

1. Nf3 Nf6 2. g3 d6 3. d4 c6 4. Bg2 Nbd7 5. O-O e5 6. dxe5 dxe5 7. Bg5 Qc7 8. c3
Be7 9. Nbd2 O-O 10. Qc2 Re8 11. Rfd1 h6 12. Bxf6 Nxf6 13. Nh4 Bf8 14. Ne4 Nxe4
15. Bxe4 Be6 16. Rd2 Rad8 17. Bh7+ Kh8 18. Bd3 Rd7 19. Rad1 Red8 20. Nf3 b5 21.
a4 b4 22. c4 Bc5 23. Bf5 Rxd2 24. Rxd2 Rxd2 25. Nxd2 Qb6 26. Bxe6 Bxf2+ 27. Kg2
fxe6 28. Ne4 b3 29. Qd2 Be3 30. a5 Qd4 31. Qxd4 Bxd4 32. Nd2 Bxb2 33. Nxb3 Kg8
34. Kf3 a6 35. Nc5 Bc3 36. Nxe6 Bxa5 37. Nc5 Kf7 38. Ke4 Kf6 39. Nxa6 Ke6 40.
Nc5+ Kf6 41. Nd7+ Ke6 42. Nxe5 c5 43. Nd3 Bb6 44. Nf4+ Kd6 45. Kf5 Bd8 46. Nh5
g6+ 47. Kxg6 Ke5 48. Ng7 Bg5 49. Nf5 Bc1 50. g4 Bd2 51. h4 Kf4 52. Nxh6 Ke3 53.
Nf5+ Kxe2 54. h5 Kd3 55. g5 Kxc4 56. h6 1-0

[Event "Olimpiade 2022 - Open"]
[Site "Chennai"]
[Date "01.08.2022"]
[Round "4.58"]
[Board "2"]
[White "Brahami, Lamine"]
[Black "Ali Abdullahi, Farah"]
[Result "1-0"]
[WhiteTitle "FM"]
[BlackTitle "CM"]
[WhiteElo "2189"]
[BlackElo "1892"]
[WhiteTeam "Algeria"]
[BlackTeam "Somalia"]
[WhiteFideId "7905637"]
[BlackFideId "16100212"]
[EventDate "2022.07.29"]

1. d4 f5 2. c4 Nf6 3. Nc3 e6 4. g3 Be7 5. Bg2 O-O 6. Nf3 d6 7. O-O c6 8. Qc2 d5
9. Rd1 Ne4 10. Rb1 a5 11. Bf4 Bf6 12. Be5 Nxc3 13. bxc3 Nd7 14. Bxf6 Qxf6 15.
cxd5 exd5 16. c4 dxc4 17. Qxc4+ Kh8 18. d5 cxd5 19. Qxd5 f4 20. Rdc1 fxg3 21.
hxg3 h6 22. Rxc8 Raxc8 23. Qxd7 b6 24. e4 Rfd8 25. Qg4 Rc4 26. e5 Qc6 27. Qf5
Qc5 28. Qg6 Rc2 29. Rf1 Re2 30. Ng5 hxg5 31. Qh5+ Kg8 32. Qxe2 Re8 33. e6 b5 34.
Rd1 b4 35. Bd5 g6 36. e7+ Kh7 37. Qe6 Qxe7 38. Qh3+ Kg7 39. Bc6 Qe2 40. Rd7+ Re7
41. Rd8 Qe1+ 42. Kg2 Qe5 43. Qh8+ Kf7 44. Qg8+ Kf6 1-0

[Event "Olimpiade 2022 - Open"]
[Site "Chennai"]
[Date "01.08.2022"]
[Round "4.58"]
[Board "3"]
[White "Abdulkadir Mohamed Warsame"]
[Black "Djabri, Massinas"]
[Result "0-1"]
[BlackTitle "FM"]
[WhiteElo "1820"]
[BlackElo "2206"]
[WhiteTeam "Somalia"]
[BlackTeam "Algeria"]
[WhiteFideId "16100913"]
[BlackFideId "7905726"]
[EventDate "2022.07.29"]

1. c4 Nf6 2. Nc3 g6 3. d4 Bg7 4. e4 O-O 5. Nf3 d6 6. Be2 e5 7. dxe5 dxe5 8. Qxd8
Rxd8 9. Bg5 Re8 10. h3 h6 11. Be3 c6 12. g4 Nfd7 13. c5 Bf8 14. Na4 Na6 15. Bxa6
bxa6 16. Nd2 Nf6 17. f3 Be6 18. b3 Rab8 19. Rc1 Rb4 20. Nb2 Nd7 21. Ke2 Reb8 22.
Rc2 a5 23. Rhc1 R4b5 24. Na4 R8b7 25. Nb1 f5 26. Na3 Rb4 27. Bd2 fxe4 28. Bxb4
exf3+ 29. Kxf3 Bd5+ 30. Kg3 axb4 31. Nc4 Rb5 32. Ne3 Be4 33. Rf2 Be7 34. Rc4 Bd3
35. Rd2 e4 36. Rxe4 Bxe4 37. Rxd7 Bxc5 38. Nxc5 Rxc5 39. Rxa7 Rc3 40. Kf2 Bb1
41. h4 Rd3 42. Ke2 Rd4 43. Ra6 h5 44. Rxc6 hxg4 45. Nc2 Rf4 46. Rxg6+ Kh7 47.
Rc6 Bxa2 48. Rb6 g3 49. Ne3 Bxb3 50. h5 Bf7 51. Rb5 b3 0-1

[Event "Olimpiade 2022 - Open"]
[Site "Chennai"]
[Date "01.08.2022"]
[Round "4.62"]
[Board "3"]
[White "Isam, Gaith"]
[Black "Damianou, Ioannis"]
[Result "0-1"]
[BlackTitle "CM"]
[WhiteElo "1828"]
[BlackElo "2153"]
[WhiteTeam "Palestine"]
[BlackTeam "Cyprus"]
[WhiteFideId "11504463"]
[BlackFideId "5902355"]
[EventDate "2022.07.29"]

1. e4 c5 2. Nc3 Nc6 3. f4 g6 4. Nf3 Bg7 5. a4 e6 6. e5 d6 7. Bb5 Ne7 8. Ne4 dxe5
9. fxe5 O-O 10. Nf6+ Kh8 11. Bxc6 Nxc6 12. Qe2 Nxe5 13. Qxe5 Bxf6 14. Qxc5 e5
15. d3 Bg4 16. Qf2 Bg7 17. O-O Rc8 18. Ne1 a6 19. Be3 Qd5 20. Rc1 Bd7 21. c4 Qd6
22. Nf3 Bxa4 23. b3 Bxb3 24. Qh4 Qxd3 25. Bh6 Rxc4 26. Rxc4 Qxc4 27. Qh3 e4 28.
Nd2 Qc5+ 29. Be3 Bd4 30. Nxb3 Bxe3+ 31. Kh1 Qc4 32. Re1 Qxb3 33. Qxe3 Qxe3 34.
Rxe3 f5 35. Rc3 Kg7 36. Kg1 Kf6 37. Kf2 f4 38. g3 g5 39. h4 fxg3+ 40. Kxg3 gxh4+
41. Kf4 Re8 42. Ke3 h3 43. Rc1 Kg5 44. Rc7 h5 45. Rxb7 h2 46. Rb1 Kg4 47. Kf2
e3+ 48. Kg2 e2 49. Re1 h1=Q+ 50. Kxh1 Kf3 51. Kg1 Rg8+ 52. Kh2 Kf2 53. Rf1+
exf1=R 0-1